Studies on the effect of fillers on air permeability of natural rubber vulcanizates (Record no. 50917)

MARC details
000 -LEADER
fixed length control field 00562nam a2200217Ia 4500
100 ## - MAIN ENTRY--AUTHOR NAME
Personal name Mohandas K.S.
245 #0 - TITLE STATEMENT
Title Studies on the effect of fillers on air permeability of natural rubber vulcanizates
260 ## - PUBLICATION, DISTRIBUTION, ETC. (IMPRINT)
Name of publisher Kautschuk Gummi Kunststoffe
Year of publication 1997
300 ## - PHYSICAL DESCRIPTION
Number of Pages 544-548
650 ## - SUBJECT ADDED ENTRY--TOPICAL TERM
Topical Term Carbon black
650 ## - SUBJECT ADDED ENTRY--TOPICAL TERM
Topical Term Clay
650 ## - SUBJECT ADDED ENTRY--TOPICAL TERM
Topical Term Filler
650 ## - SUBJECT ADDED ENTRY--TOPICAL TERM
Topical Term Graphite
650 ## - SUBJECT ADDED ENTRY--TOPICAL TERM
Topical Term Mica
650 ## - SUBJECT ADDED ENTRY--TOPICAL TERM
Topical Term Natural rubber
650 ## - SUBJECT ADDED ENTRY--TOPICAL TERM
Topical Term Permeability
650 ## - SUBJECT ADDED ENTRY--TOPICAL TERM
Topical Term Silica
700 ## - ADDED ENTRY--PERSONAL NAME
Personal name Kuriakose B.
942 ## - ADDED ENTRY ELEMENTS (KOHA)
Koha item type Bibliography STAF
Holdings
Withdrawn status Lost status Damaged status Not for loan Home library Current library Shelving location Date acquired Serial Enumeration / chronology Koha item type
      Bibliography RRII Library RRII Library Rubber chemistry 09/04/2014 Volume 50, Issue 7&8 Bibliography STAF